Elliott wave principle : (Record no. 345583)
[ view plain ]
| 000 -LEADER | |
|---|---|
| fixed length control field | 02722 a2200217 4500 |
| 020 ## - INTERNATIONAL STANDARD BOOK NUMBER | |
| International Standard Book Number | 0932750230 |
| 020 ## - INTERNATIONAL STANDARD BOOK NUMBER | |
| International Standard Book Number | 9780932750235 |
| 082 04 - DEWEY DECIMAL CLASSIFICATION NUMBER | |
| Classification number | 332 |
| 090 ## - LOCALLY ASSIGNED LC-TYPE CALL NUMBER (OCLC); LOCAL CALL NUMBER (RLIN) | |
| -- | 3094 |
| -- | 3094 |
| 100 1# - MAIN ENTRY--PERSONAL NAME | |
| Personal name | Frost, A. J. |
| 245 10 - TITLE STATEMENT | |
| Title | Elliott wave principle : |
| Remainder of title | key to market behavior / |
| Statement of responsibility, etc. | A. J. Frost. |
| 250 ## - EDITION STATEMENT | |
| Edition statement | 7 Expanded ed. |
| 260 ## - PUBLICATION, DISTRIBUTION, ETC. | |
| Place of publication, distribution, etc. | [S.l.] : |
| Name of publisher, distributor, etc. | New Classics Library, |
| Date of publication, distribution, etc. | 1995. |
| 300 ## - PHYSICAL DESCRIPTION | |
| Extent | 249 p. ; |
| Dimensions | 24 cm. |
| 500 ## - GENERAL NOTE | |
| General note | Hardcover. |
| 520 ## - SUMMARY, ETC. | |
| Summary, etc. | Developed by Ralph Nelson Elliott in the 1930s and '40s, the Elliott Wave Principle is a powerful analytical tool for forecasting stock market behavior. The basic concept behind the Wave Principle is that stock market prices rise and fall in discernible patterns and that those patterns can be linked together into waves. In the years since it was first published, this classic guide to the Elliott Wave Principle has acquired a cult status among technical analysts, worldwide. And with each new edition, the authors have refined and enhanced the principle, while retaining all the predictions from past editions. The 20th Anniversay Edition includes a special foreword and enhanced text. It’s the final revision of a classic. "Elliott Wave Principle is simply the best description and validation of a concept which by all rights should be revolutionizing the scientific study of history and sociology." –JWG, New York "Elliott Wave Principle is such an important, fascinating, even mind-bending work, we are convinced that is should be read by any and every serious student of the market, be they fundamentalist or technician, dealing in stocks, bonds or commodities." –Market Decision$ "Even allowing for minor stumbles, that 1978 prediction must go down as the most remarkable stock market prediction of all time." –James W. Cowan, Monitor Money Review "Elliott Wave Principle is the greatest work of any kind, anywhere. It has helped me abandon speculative stock tips and stockbroker newsletter recommendations for my own predictions based on the simple wave theory." –J.V. "I have just received my copy of Elliott Wave Principle and find it to be unquestionably the best book and explanation regarding the works of Elliott that I’ve ever seen." –J.B.B. "I have recently read and reread Elliott Wave Principle. I was impressed with the research and especially thrilled with the excitement of coming into contact with a truly original co |
| 700 ## - ADDED ENTRY--PERSONAL NAME | |
| Personal name | Prechter, R |
| 856 ## - ELECTRONIC LOCATION AND ACCESS | |
| Materials specified | Amazon.com |
| Uniform Resource Identifier | <a href="http://www.amazon.com/exec/obidos/ASIN/0932750230/">http://www.amazon.com/exec/obidos/ASIN/0932750230/</a> |
| 856 ## - ELECTRONIC LOCATION AND ACCESS | |
| Materials specified | Amazon customer reviews |
| Uniform Resource Identifier | <a href="http://www.chopac.org/cgi-bin/tools/azrev.">http://www.chopac.org/cgi-bin/tools/azrev.</a> |
| 942 ## - ADDED ENTRY ELEMENTS (KOHA) | |
| Institution code [OBSOLETE] | NBS |
| Koha item type | Book |
| Call number prefix | 332.6322 FRO |
| Withdrawn status | Lost status | Damaged status | Not for loan | Permanent Location | Current Location | Date acquired | Total Checkouts | Full call number | Barcode | Date last seen | Date last checked out | Price effective from | Koha item type |
|---|---|---|---|---|---|---|---|---|---|---|---|---|---|
| Central Library (CL) | Central Library (CL) | 08/28/2013 | 1 | 332.6322 FRO | NBS1344 | 01/20/2020 | 08/08/2017 | 08/28/2013 | Book |
